Normal view
MARC view
- Medios masivos de comunicación y tecnología
Entry Materia
001 - NÚMERO DE CONTROL DEL REGISTRO
- campo de control: 316
003 - IDENTIFICADOR DE NUMERO DE CONTROL
- campo de control: MX-MxUPN
005 - FECHA Y HORA DE LA ÚLTIMA TRANSACCIÓN
- campo de control: 20260319120453.0
008 - DATOS DE LONGITUD FIJA
- campo de control de longitud fija: 260319n| fcnnnbabn | ana |d
035 ## - NÚMERO DE CONTROL DEL SISTEMA
- Número de control del sistema: UPN10000000316
040 ## - FUENTE DE LA CATALOGACIÓN
- Centro catalogador de origen: MX-MxUPN
- Lengua de catalogación: spa
- Agencia de transcripción: MX-MxUPN
150 ## - ENCABEZAMIENTO - TEMÁTICO
- Término de materia o nombre geográfico como elemento inicial: Medios masivos de comunicación y tecnología
670 ## - FUENTE EN LA QUE SE LOCALIZARON DATOS
- Cita de la fuente: LC/P
- Información localizada: Mass media and technology
902 ## - CATALOGADOR
- Catalogador: BDV/270804
